| 000 | 00675nam a2200253Ia 4500 | ||
|---|---|---|---|
| 001 | dia_2288 | ||
| 003 | CHAP | ||
| 005 | 20251027153157.0 | ||
| 008 | 220117s1980 xx 000 0 und d | ||
| 010 | _a172808 | ||
| 040 | _cCHAP | ||
| 082 | _a642 L6 | ||
| 100 |
_aLongreƩ, Karla _967602 |
||
| 245 |
_aQuantity Food Sanitation / _c by Karla LongreƩ |
||
| 250 | _a3 | ||
| 260 |
_aNew York : _b John Wiley & Sons, _c1980 |
||
| 300 | _a456 p. | ||
| 650 |
_a1.Alimentos _xservicio/ _9152524 |
||
| 650 |
_aAlimentos _xmanejo. _9150758 |
||
| 901 | _a642 L6 | ||
| 902 | _aM | ||
| 905 | _a0000001980 NY X 0000000000ING00 | ||
| 942 |
_cLIBRO _2ddc |
||
| 999 |
_c172808 _d172808 |
||